| 000 | 00579nam a22002057a 4500 | ||
|---|---|---|---|
| 003 | OSt | ||
| 005 | 20140310184333.0 | ||
| 008 | 131005t xxu||||| |||| 00| 0 eng d | ||
| 020 | _a9780439429276 | ||
| 050 |
_aPZ 7 _b.T365 2002 |
||
| 100 |
_aThaler, Mike. _923985 |
||
| 245 |
_aThe class trip from the black lagoon / _cMike Thaler; illustrated by Jared Lee |
||
| 260 |
_aNew York, NY : _bScholastic Inc., _c2002. |
||
| 300 |
_a64 p. : _bill. ; _c23 cm. |
||
| 521 | _aG2 | ||
| 526 | _c480 | ||
| 650 |
_aFiction _xJuvenile _923986 |
||
| 942 |
_2lcc _cBK-SCHOLAS |
||
| 999 |
_c33699 _d33699 |
||